Review of gross anatomy : (Record no. 4769)
[ view plain ]
| 000 -LEADER | |
|---|---|
| fixed length control field | 00964cam a22003012 4500 |
| 001 - CONTROL NUMBER | |
| control field | 012907526 |
| 003 - CONTROL NUMBER IDENTIFIER | |
| control field | ALUPE UNIVERSITY |
| 005 - DATE AND TIME OF LATEST TRANSACTION | |
| control field | 20220329092926.0 |
| 008 - FIXED-LENGTH DATA ELEMENTS--GENERAL INFORMATION | |
| fixed length control field | 850709s1964 nyua b 000 0 eng c |
| 010 ## - LIBRARY OF CONGRESS CONTROL NUMBER | |
| LC control number | 64016449 //r902 |
| 015 ## - NATIONAL BIBLIOGRAPHY NUMBER | |
| National bibliography number | GB64-16387 |
| 020 ## - INTERNATIONAL STANDARD BOOK NUMBER | |
| International Standard Book Number | - |
| 035 ## - SYSTEM CONTROL NUMBER | |
| System control number | OCLC ocm01066047 from D971010M |
| 040 ## - CATALOGING SOURCE | |
| Original cataloging agency | DLC/ICU |
| Transcribing agency | CGU |
| Modifying agency | DLC |
| -- | NLM |
| -- | UKM |
| -- | EQO |
| 050 00 - LIBRARY OF CONGRESS CALL NUMBER | |
| Classification number | QM26 |
| Item number | .P36 1964 |
| 060 0# - NATIONAL LIBRARY OF MEDICINE CALL NUMBER | |
| Classification number | QS 17 |
| Item number | P196r 1964 |
| 082 00 - DEWEY DECIMAL CLASSIFICATION NUMBER | |
| Classification number | 611.02 |
| 100 1# - MAIN ENTRY--PERSONAL NAME | |
| Personal name | Pansky, Ben. |
| 245 10 - TITLE STATEMENT | |
| Title | Review of gross anatomy : |
| Remainder of title | a dynamic approach / |
| Statement of responsibility, etc. | [by] Ben Pansky [and] Earl Lawrence House. Illus. by Ben Pansky. |
| 260 ## - PUBLICATION, DISTRIBUTION, ETC. | |
| Place of publication, distribution, etc. | New York : |
| Name of publisher, distributor, etc. | Macmillan, |
| Date of publication, distribution, etc. | c1964. |
| 300 ## - PHYSICAL DESCRIPTION | |
| Extent | xii, 443 p. |
| Other physical details | illus. (part col.) |
| Dimensions | 27 cm. |
| 504 ## - BIBLIOGRAPHY, ETC. NOTE | |
| Bibliography, etc. note | Bibliography: p. 417. |
| 650 #0 - SUBJECT ADDED ENTRY--TOPICAL TERM | |
| Topical term or geographic name entry element | Human anatomy |
| General subdivision | Outlines, syllabi, etc. |
| 650 #2 - SUBJECT ADDED ENTRY--TOPICAL TERM | |
| Topical term or geographic name entry element | Anatomy |
| General subdivision | atlases. |
| 700 1# - ADDED ENTRY--PERSONAL NAME | |
| Personal name | House, Earl Lawrence. |
| 942 ## - ADDED ENTRY ELEMENTS (KOHA) | |
| Source of classification or shelving scheme | |
| Koha item type | Book |
| Suppress in OPAC | CM |
| Withdrawn status | Lost status | Source of classification or shelving scheme | Damaged status | Not for loan | Permanent Location | Current Location | Shelving location | Date acquired | Source of acquisition | Total Checkouts | Full call number | Barcode | Date last seen | Price effective from | Koha item type | Public note |
|---|---|---|---|---|---|---|---|---|---|---|---|---|---|---|---|---|
| AU LIBRARY | AU LIBRARY | Open Shelf | 29.03.2022 | DONATION FROM MOI UNIVERSITY | QM26 .P36 1964 | 28007131 | 29.03.2022 | 29.03.2022 | Book | CM |